| 000 | 00807 a2200229 4500 | ||
|---|---|---|---|
| 003 | UA-OsUOA | ||
| 005 | 20211103100729.0 | ||
| 008 | 211018b un ||||| |||| 00| 0 ukr d | ||
| 020 | _a5936430772 | ||
| 040 |
_aUA-OsUOA _bukr _cUA-OsUOA _dUA-OsUOA |
||
| 041 | _arus | ||
| 080 | _a159.964 | ||
| 090 |
_a159.964 _bМ85 |
||
| 100 | _aМерфи Дж. | ||
| 245 |
_aСила вашего подсознания _cДж. Мерфи ; пер. с нем. Р. М. Кутузовой |
||
| 260 |
_aДонецк _aЛьвов _bПолиграфпресс _bСвіт _c2004 |
||
| 300 | _a200 с. | ||
| 650 |
_2UDC _a159.9 Психологія |
||
| 942 |
_cBK _2udc |
||
| 955 | _a4 | ||
| 999 |
_c571631 _d571631 |
||